Polyarchies and the (un)rule of law in Latin America /
Guardat en:
| Autor principal: | |
|---|---|
| Format: | Text |
| Etiquetes: |
Afegir etiqueta
Sense etiquetes, Sigues el primer a etiquetar aquest registre!
|
MARC
| LEADER | 00000 a a2200000 04500 | ||
|---|---|---|---|
| 001 | 43081 | ||
| 003 | |||
| 040 | |||
| 100 | |a O'Donnell, Guillermo | ||
| 245 | |a Polyarchies and the (un)rule of law in Latin America / |c Guillermo O'Donnell | ||
| 773 | |g número254 ( , 1998), 28 páginas | ||
| 999 | |c 29256 |d 29256 | ||
